00987cam a2200289 a 450000100060000000300100000600500170001600700030003300800410003601500070007702000230008404000260010708200150013310000350014824500910018325000170027430000320029133600270032333700330035033800280038349000830041150000470049465000330054165000390057465000450061370000390065860425CO-BoRNBP20260205214347.0ta190130s2018 ck a gr 000 fdspa  q00 a9789588249346q000 aCO-BoBNbspacCO-BoBN04aM863.52231 aCruz Madrid, Elizabeth,d1981-10aAdiós a los cuentos de hadas /cElizabeth Cruz Madrid ; Estelí Meza, ilustración aEd. especial a201 p. :bil. col. ;c21 cm 2rdacontentatextobtxt 2rdamediaasin mediaciónbn 2rdacarrieravolumenbnc0 aPlan Nacional de Lectura y Escritura Leer es mi Cuento / Ministerio de Cultura aIncluye datos biográficos de los autores14aRedes socialesvNovela2LEMB24aMujeres adolescentesvNovela2LEMB24aNovela juvenil mexicanaySiglo XXI2LEMB1 aMeza, Estelí,d1980-eilustrador